| 000 | 00680nam a2200217Ii 4500 | ||
|---|---|---|---|
| 003 | JO-AjNU | ||
| 008 | 230605s9999||||xx |||||||||||||| ||und|| | ||
| 017 | _a1990/1205 | ||
| 040 |
_aJO-AjNU _bara _erda _cJO-AjNU |
||
| 041 | _aara | ||
| 050 | 1 | 4 | _aDR593.1990 |
| 100 | 3 |
_aالنعيمي، أحمد نوري, _eauthor _918114 |
|
| 245 | 0 | 0 | _aالحياة السياسية في تركيا الحديثة (1919-1938) |
| 250 | _a(د.ط) | ||
| 264 | 3 | 1 | _aبغداد: دار الحرية، 1990 |
| 300 | _a234ص | ||
| 336 |
_atext _btxt _2rdacontent |
||
| 337 |
_aunmediated _bn _2rdamedia |
||
| 338 |
_avolume _bnc _2rdacarrier |
||
| 650 | 4 |
_aتركيا - تاريخ حديث _918115 |
|
| 999 |
_aA5732 _c9300 _d9300 |
||